Sports Quiz

Random Sports or NHL Quiz
Score 0/7 Timer 04:00
0 Plays Today
Seasons Player % Correct
1995-2001, 2005-2014Teemu Selanne
99.4%
1994-2003Paul Kariya
97.2%
2005-2010Scott Niedermayer
90.4%
2006-2009Chris Pronger
86%
2003-2006Sergei Fedorov
65.7%
2002/03Adam Oates
52.8%
1996/97Jari Kurri
47.8%
Remove Ads.
Support Sporcle.
Get the best of Sporcle when you Go Orange. This ad-free experience offers more features, more stats, and more fun while also helping to support Sporcle. Thank you for becoming a member.

You're not logged in!

Compare scores with friends on all Sporcle quizzes.
OR
Log In

Show Comments

Extras

Top Quizzes Today


Score Distribution

Your Account Isn't Verified!

In order to create a playlist on Sporcle, you need to verify the email address you used during registration. Go to your Sporcle Settings to finish the process.

Report this User

Report this user for behavior that violates our Community Guidelines.

Details: